[Event "NCA-ch (Women)"]
[Site "Managua"]
[Date "2023.03.25"]
[Round "1"]
[White "Cabezas Calero, Abigail Carolina"]
[Black "Pena Baltodano, Yaddolly"]
[Result "1-0"]
[WhiteElo "1581"]
[BlackElo "1163"]
[PlyCount "69"]
[EventDate "2023.03.25"]
[EventType "swiss"]
[EventRounds "9"]
[EventCountry "NCA"]
[SourceTitle "EXT 2024"]
[Source "ChessBase"]
[SourceDate "2023.10.10"]
[SourceVersion "1"]
[SourceVersionDate "2023.10.10"]
[SourceQuality "1"]

1. e4 e5 2. Nf3 Nf6 3. Nxe5 d6 4. Nf3 Nxe4 5. Bc4 d5 6. Bb3 Nf6 7. d3 Be7 8. h3 0-0 9. 0-0 Nc6 10. Bd2 Bf5 11. Nc3 h6 12. Re1 Qd7 13. Bf4 Be6 14. Ba4 Bd6 15. Qd2 a6 16. Bxc6 bxc6 17. Be5 Bxe5 18. Nxe5 Qd6 19. d4 Rfe8 20. Re3 Rab8 21. b3 Bf5 22. Qe2 c5 23. dxc5 Qxc5 24. Na4 Qxc2 25. Qxa6 Bxh3 26. gxh3 Qf5 27. Rae1 Ne4 28. Rxe4 dxe4 29. Ng4 Qf3 30. Re3 Qd1+ 31. Qf1 Qd5 32. Nc3 Qe6 33. f3 h5 34. Nh2 Qg6+ 35. Qg2 1-0

[Event "NCA-ch sf"]
[Site "Managua"]
[Date "2023.02.04"]
[Round "4.21"]
[White "Lopez Tercero, Enders Wilfredo"]
[Black "Cabezas Calero, Abigail Carolina"]
[Result "1-0"]
[WhiteElo "1648"]
[BlackElo "1565"]
[PlyCount "57"]
[EventDate "2023.01.28"]
[EventType "swiss"]
[EventRounds "9"]
[EventCountry "NCA"]
[SourceTitle "CBM 213 Extra"]
[Source "ChessBase"]
[SourceDate "2023.05.31"]
[SourceVersion "1"]
[SourceVersionDate "2023.05.31"]
[SourceQuality "1"]

1. e4 e6 2. d4 d5 3. Nd2 Nf6 4. Bd3 Be7 5. Ngf3 0-0 6. 0-0 c5 7. c3 Nc6 8. e5 Nd7 9. Bc2 f6 10. Re1 fxe5 11. Nxe5 cxd4 12. Nxc6 bxc6 13. Rxe6 dxc3 14. Qh5 Nf6 15. Rxf6 Rxf6 16. Qxh7+ Kf8 17. Nf3 Rxf3 18. gxf3 Bf6 19. bxc3 Qa5 20. Bg6 Be6 21. Rb1 Qc7 22. Ba3+ c5 23. Re1 Bg8 24. Qh5 Qa5 25. Bb2 Qxa2 26. Bc1 Qc4 27. Be3 a5 28. Qf5 Qxc3 29. Rc1 1-0

[Event "NCA-ch (Women)"]
[Site "Managua"]
[Date "2022.04.03"]
[Round "2"]
[White "Granados Ortiz, Maria Jose"]
[Black "Cabezas Calero, Abigail Carolina"]
[Result "1/2-1/2"]
[WhiteElo "1746"]
[BlackElo "1568"]
[PlyCount "78"]
[EventDate "2022.04.02"]
[EventType "swiss"]
[EventRounds "9"]
[EventCountry "NCA"]
[SourceTitle "EXT 2023"]
[Source "ChessBase"]
[SourceDate "2022.10.05"]
[SourceVersion "1"]
[SourceVersionDate "2022.10.05"]
[SourceQuality "1"]

1. e4 e6 2. d4 d5 3. Nd2 Nc6 4. Ngf3 Nf6 5. e5 Nd7 6. Bb5 f6 7. exf6 Qxf6 8. Nb3 Bd6 9. Bg5 Qf7 10. 0-0 0-0 11. Qe2 e5 12. dxe5 Ndxe5 13. Nxe5 Nxe5 14. Qd2 c6 15. Be2 Bf5 16. Nd4 Bd7 17. Nf3 Nxf3+ 18. Bxf3 Rae8 19. Rae1 Rxe1 20. Rxe1 Re8 21. Rxe8+ Qxe8 22. Qe3 Qxe3 23. Bxe3 b6 24. Kf1 Bf5 25. c3 Kf7 26. Ke2 Ke6 27. h3 g6 28. Kd2 Be4 29. Bxe4 dxe4 30. c4 c5 31. b3 a5 32. Bh6 Be5 33. Ke3 Bd4+ 34. Kxe4 Bxf2 35. Bf4 Kd7 36. Kd5 Bd4 37. g4 Bf6 38. Bg3 Bd8 39. h4 Bf6 1/2-1/2

[Event "NCA-ch sf"]
[Site "Managua"]
[Date "2022.02.27"]
[Round "9"]
[White "Martinez Thomas, Gregory Aubrey"]
[Black "Cabezas Calero, Abigail Carolina"]
[Result "1-0"]
[WhiteElo "1461"]
[BlackElo "1444"]
[PlyCount "55"]
[EventDate "2022.02.12"]
[EventType "swiss"]
[EventRounds "9"]
[EventCountry "NCA"]
[SourceTitle "EXT 2023"]
[Source "ChessBase"]
[SourceDate "2022.10.05"]
[SourceVersion "1"]
[SourceVersionDate "2022.10.05"]
[SourceQuality "1"]

1. e4 d6 2. d4 g6 3. Nc3 Bg7 4. f4 f5 5. exf5 Bxf5 6. Nf3 Nf6 7. Bc4 d5 8. Bb3 c6 9. 0-0 Nbd7 10. Re1 0-0 11. h3 h5 12. Qe2 Re8 13. Ne5 Nxe5 14. dxe5 Nh7 15. g4 hxg4 16. hxg4 Be6 17. Qd3 Rf8 18. Qxg6 Bf7 19. Qd3 e6 20. Re2 Qh4 21. Rg2 Rfd8 22. Bd2 Nf8 23. Ne2 Qe7 24. c3 c5 25. Qe3 b6 26. Bc2 b5 27. f5 exf5 28. gxf5 1-0

[Event "NCA-ch Fase 2"]
[Site "Managua"]
[Date "2022.01.30"]
[Round "6"]
[White "Monge Lopez, Jairo Humberto"]
[Black "Cabezas Calero, Abigail Carolina"]
[Result "1/2-1/2"]
[WhiteElo "1581"]
[BlackElo "1444"]
[PlyCount "68"]
[EventDate "2022.01.22"]
[EventType "swiss"]
[EventRounds "9"]
[EventCountry "NCA"]
[SourceTitle "CBM 207 Extra"]
[Source "ChessBase"]
[SourceDate "2022.05.31"]
[SourceVersion "1"]
[SourceVersionDate "2022.05.31"]
[SourceQuality "1"]

1. e4 e6 2. d4 d5 3. Nc3 c5 4. Bb5+ Nc6 5. exd5 exd5 6. Nf3 Nf6 7. Bg5 Be7 8. dxc5 0-0 9. Bxc6 bxc6 10. b4 Bg4 11. 0-0 a5 12. a3 h6 13. Bh4 axb4 14. axb4 Rxa1 15. Qxa1 Bxf3 16. gxf3 g5 17. Bg3 Nh7 18. Re1 f5 19. Be5 Bf6 20. f4 gxf4 21. Bxf4 Ng5 22. Bxg5 Bxg5 23. Qd1 Qf6 24. Ne2 Bh4 25. Ng3 Qc3 26. Qe2 Bxg3 27. hxg3 Qxb4 28. Qe6+ Kg7 29. Qe5+ Kg8 30. Qe6+ Kg7 31. Qd7+ Rf7 32. Re7 Qe1+ 33. Rxe1 Rxd7 34. Re6 Rc7 1/2-1/2

[Event "NCA-ch (Women) final"]
[Site "Managua"]
[Date "2021.03.27"]
[Round "1"]
[White "Cabezas Calero, Abigail Carolina"]
[Black "Narvaez Talavera, Joanie Ellen"]
[Result "0-1"]
[WhiteElo "1382"]
[BlackElo "1753"]
[PlyCount "100"]
[EventDate "2021.03.27"]
[EventType "tourn"]
[EventRounds "9"]
[EventCountry "NCA"]
[SourceTitle "EXT 2022"]
[Source "ChessBase"]
[SourceDate "2021.10.06"]
[SourceVersion "1"]
[SourceVersionDate "2021.10.06"]
[SourceQuality "1"]

1. e4 c6 2. c4 d5 3. exd5 cxd5 4. d4 Nf6 5. Nc3 Nc6 6. Nf3 Bg4 7. Be3 e6 8. Be2 dxc4 9. 0-0 Be7 10. Qa4 0-0 11. Rad1 Nb4 12. Ne5 Bxe2 13. Nxe2 a6 14. Bd2 b5 15. Qa3 Nbd5 16. Qf3 Qb6 17. Bg5 Rad8 18. Nc3 Qd6 19. Rfe1 Nxc3 20. bxc3 Nd5 21. Bxe7 Nxe7 22. h3 Nd5 23. Rc1 Qa3 24. Rc2 Rc8 25. Ree2 a5 26. Nd7 Rfd8 27. Nc5 Nb6 28. Re3 Nd7 29. Ne4 Qf8 30. Qg3 Rc6 31. Qh4 h6 32. Rg3 f5 33. Nd2 Qf6 34. Qxf6 Nxf6 35. Re3 Nd5 36. Rf3 Re8 37. a3 g6 38. Rc1 e5 39. dxe5 Rxe5 40. Kf1 Rce6 41. Nb1 g5 42. g4 f4 43. h4 Re2 44. hxg5 hxg5 45. Rh3 Kg7 46. Rh5 Kg6 47. Rh8 Nf6 48. Rb8 Nxg4 49. Rxb5 Rxf2+ 50. Kg1 Ree2 0-1

[Event "Managua Muniz Memorial 3rd"]
[Site "Managua"]
[Date "2021.03.07"]
[Round "3"]
[White "Cabezas Calero, Abigail Carolina"]
[Black "Arevalo Lopez, Josue"]
[Result "1-0"]
[WhiteElo "1382"]
[BlackElo "2037"]
[PlyCount "85"]
[EventDate "2021.03.06"]
[EventType "tourn"]
[EventRounds "9"]
[EventCountry "NCA"]
[SourceTitle "EXT 2022"]
[Source "ChessBase"]
[SourceDate "2021.10.06"]
[SourceVersion "1"]
[SourceVersionDate "2021.10.06"]
[SourceQuality "1"]

1. e4 e5 2. Nf3 Nc6 3. Bc4 Bc5 4. 0-0 Nf6 5. c3 Bb6 6. d3 h6 7. Re1 d6 8. h3 0-0 9. Be3 Bxe3 10. Rxe3 d5 11. exd5 Nxd5 12. Bxd5 Qxd5 13. Qe2 Re8 14. Nbd2 f5 15. Qf1 f4 16. Ree1 Bf5 17. Ne4 Rad8 18. Red1 Bxe4 19. dxe4 Qxe4 20. Rxd8 Rxd8 21. Qb5 Qd5 22. Qxb7 e4 23. Ne1 e3 24. fxe3 fxe3 25. Qb3 Ne5 26. Rd1 c6 27. Rxd5 cxd5 28. Kf1 Nc4 29. Nf3 Nb6 30. Ke2 Rb8 31. Qd1 Kh8 32. Qd4 Re8 33. Ne5 Re6 34. b3 Kh7 35. Qxe3 a5 36. Kd2 a4 37. Qd3+ g6 38. Qb5 axb3 39. axb3 d4 40. cxd4 Rd6 41. Kd3 h5 42. Qc5 Re6 43. Qf8 1-0

[Event "Titled Tuesday intern op 4th Aug 2pm"]
[Site "Chess.com INT"]
[Date "2020.08.04"]
[Round "10"]
[White "Cabezas Calero, Abigail Carolina"]
[Black "Cagara, Paulina"]
[Result "0-1"]
[WhiteElo "1334"]
[BlackElo "2054"]
[PlyCount "74"]
[EventDate "2020.08.04"]
[EventType "swiss (blitz)"]
[EventRounds "10"]
[EventCountry "USA"]
[SourceTitle "CBM 197 Extra"]
[Source "ChessBase"]
[SourceDate "2020.09.30"]
[SourceVersion "1"]
[SourceVersionDate "2020.09.30"]
[SourceQuality "1"]

1. e4 c6 2. Nf3 d5 3. e5 Bg4 4. d4 e6 5. Nbd2 c5 6. c3 Nc6 7. h3 Bh5 8. Bb5 a6 9. Bxc6+ bxc6 10. 0-0 Nh6 11. Qc2 Bg6 12. Qa4 Qd7 13. Nb3 Bd3 14. Rd1 Bb5 15. Qa3 c4 16. Nc5 Qa7 17. Bxh6 gxh6 18. b4 cxb3 19. axb3 Be2 20. Rd2 Bxf3 21. gxf3 Bxc5 22. dxc5 Rg8+ 23. Kf1 Qb7 24. b4 Qb5+ 25. Re2 Rg5 26. Qa5 Qc4 27. Qc7 Rd8 28. Qxc6+ Kf8 29. Qc7 Re8 30. Qd6+ Kg7 31. Rae1 Qh4 32. Re3 Qc4+ 33. R1e2 Rg8 34. Ke1 Rg1+ 35. Kd2 Qa2+ 36. Kd3 Rd1+ 37. Rd2 Qxd2# 0-1

[Event "Titled Tuesday intern op 4th Aug 2pm"]
[Site "Chess.com INT"]
[Date "2020.08.04"]
[Round "6"]
[White "Hansch, Karsten"]
[Black "Cabezas Calero, Abigail Carolina"]
[Result "1-0"]
[WhiteElo "2300"]
[BlackElo "1334"]
[PlyCount "117"]
[EventDate "2020.08.04"]
[EventType "swiss (blitz)"]
[EventRounds "10"]
[EventCountry "USA"]
[SourceTitle "CBM 197 Extra"]
[Source "ChessBase"]
[SourceDate "2020.09.30"]
[SourceVersion "1"]
[SourceVersionDate "2020.09.30"]
[SourceQuality "1"]

1. e4 e6 2. d4 d5 3. exd5 exd5 4. Nf3 Nf6 5. Bd3 Be7 6. 0-0 0-0 7. Bg5 h6 8. Bh4 Nfd7 9. Bxe7 Qxe7 10. Re1 Qb4 11. Qc1 c5 12. c3 Qb6 13. dxc5 Nxc5 14. Bc2 Nc6 15. Nbd2 Bg4 16. Ne5 Nxe5 17. Rxe5 Qd6 18. Re1 Rfe8 19. Nb3 Nxb3 20. Bxb3 Rad8 21. Qd2 d4 22. Rxe8+ Rxe8 23. f3 Bh5 24. Qxd4 Qg6 25. Qf2 Qa6 26. Re1 Rd8 27. Qh4 Qb6+ 28. Qf2 Qxf2+ 29. Kxf2 Rd2+ 30. Re2 Rxe2+ 31. Kxe2 Kf8 32. Ke3 Ke7 33. Kd4 Bg6 34. Bd5 b6 35. Be4 Kd6 36. Bxg6 fxg6 37. a4 a6 38. b4 g5 39. c4 h5 40. g3 g6 41. h3 h4 42. g4 Kc6 43. Ke5 b5 44. axb5+ axb5 45. c5 Kd7 46. Kf6 Ke8 47. Kxg6 Ke7 48. Kxg5 Ke6 49. f4 Kd5 50. f5 Kc4 51. c6 Kxb4 52. c7 Ka3 53. c8Q b4 54. f6 b3 55. f7 b2 56. f8Q+ Ka2 57. Qa6+ Kb1 58. Qff1+ Kc2 59. Qad3# 1-0

[Event "Titled Tuesday intern op 4th Aug 2pm"]
[Site "Chess.com INT"]
[Date "2020.08.04"]
[Round "2"]
[White "Javakhadze, Zurab"]
[Black "Cabezas Calero, Abigail Carolina"]
[Result "1-0"]
[WhiteElo "2454"]
[BlackElo "1334"]
[PlyCount "73"]
[EventDate "2020.08.04"]
[EventType "swiss (blitz)"]
[EventRounds "10"]
[EventCountry "USA"]
[SourceTitle "CBM 197 Extra"]
[Source "ChessBase"]
[SourceDate "2020.09.30"]
[SourceVersion "1"]
[SourceVersionDate "2020.09.30"]
[SourceQuality "1"]

1. c4 e6 2. Nc3 d6 3. d4 Ne7 4. Nf3 Nd7 5. e4 b6 6. Be2 Bb7 7. 0-0 Ng6 8. Be3 Be7 9. Qd2 0-0 10. Bd3 c5 11. dxc5 bxc5 12. Bc2 e5 13. Nd5 Bxd5 14. Qxd5 Nb6 15. Qd3 Nh4 16. Nxh4 Bxh4 17. Rad1 Be7 18. f4 f6 19. b4 Qc7 20. bxc5 dxc5 21. Qc3 Bd6 22. g3 Rad8 23. Rd3 exf4 24. gxf4 Qf7 25. Rfd1 Qg6+ 26. Kf2 Bc7 27. Rxd8 Rxd8 28. Rxd8+ Bxd8 29. Bxc5 Qh6 30. Qg3 Nxc4 31. Bb3 Kh8 32. Bxc4 Qh5 33. f5 Qe8 34. Bd5 Ba5 35. Qd6 Qg8 36. Bxg8 Kxg8 37. Qf8# 1-0